000
00210nam a22000857a 4500
999
_c
11836
_d
11836
008
200227b ||||| |||| 00| 0 eng d
020
_a
9780394874715
100
_a
Cole Joanna
_9
7508
245
_a
Hungry, Hungry Sharks